000 00332nam a2200133Ia 4500
008 230627s9999 xx 000 0 und d
020 _a81-87629-37-1
041 _amar
082 _a342
_bSIN
100 _aSinghvi
245 _aConstitution Of India Vol-ii
250 _a2ed.
260 _aNew Delhi
_bModern Law Publications
_c2006
999 _c688805
_d688805